La acción rescisoria concursal /
Guardado en:
| Autor principal: | |
|---|---|
| Otros Autores: | |
| Formato: | Electrónico eBook |
| Lenguaje: | español |
| Publicado: |
[Barcelona] :
JMB Bosch Editor,
[2016]
|
| Materias: | |
| Acceso en línea: | Digitalia Hispánica |
| Etiquetas: |
Agregar Etiqueta
Sin Etiquetas, Sea el primero en etiquetar este registro!
|
MARC
| LEADER | 00000nam a2200000Ii 4500 | ||
|---|---|---|---|
| 001 | DIGBOSCH0162 | ||
| 003 | NyNyDIG | ||
| 006 | m o d | ||
| 007 | cr ||||||||||| | ||
| 008 | 220614s2016 sp ob 000 0 spa d | ||
| 035 | |a (OCoLC)1127909330 | ||
| 040 | |a DGITA |b eng |e rda |e pn |c DGITA | ||
| 020 | |a 9788494514678 |q eBook | ||
| 020 | |z 9788494514661 |q papel | ||
| 043 | |a e-sp--- | ||
| 050 | 1 | 4 | |a KKT876.5 ebook |
| 082 | 0 | 4 | |a 347 |
| 100 | 1 | |a Huelmo Regueiro, Josefina, |e author. | |
| 245 | 1 | 3 | |a La acción rescisoria concursal / |c Josefina Huelmo Regueiro ; prólogo, Manuel Cachón Cadenas. |
| 264 | 1 | |a [Barcelona] : |b JMB Bosch Editor, |c [2016] | |
| 300 | |a 1 online resource. | ||
| 336 | |a text |b txt |2 rdacontent | ||
| 336 | |a still image |2 rdacontent | ||
| 337 | |a computer |b c |2 rdamedia | ||
| 338 | |a online resource |b cr |2 rdacarrier | ||
| 347 | |a text file |2 rdaft | ||
| 347 | |b PDF | ||
| 504 | |a Includes bibliographical references. | ||
| 588 | 0 | |a Online resource; title from PDF title page (Digitalia, viewed Jun 14, 2022) | |
| 650 | 0 | |a Rescission (Law) |z Spain. | |
| 655 | 0 | |a Electronic books. | |
| 700 | 1 | |a Cachón Cadenas, Manuel-Jesús, |e contributor agent of text. | |
| 776 | 0 | 8 | |i Print version: |a García Pons, Enrique. |t Acción rescisoria concursal. |d [Barcelona] : JMB Bosch Editor, 2016 |z 9788494514661 |
| 791 | 2 | |a Digitalia (Firm), |e distributor. | |
| 793 | 0 | |g Digitalia eBook Collection: |a Bosch Editor | |
| 856 | 4 | 0 | |3 Digitalia Hispánica |u https://digitalia.unach.elogim.com/a/62081/ |
| 910 | |a Premium collection: 2022 | ||